Evropské společenství : Politické základy a geneze. Podpora výzkumu a technologií v Evropském společenství /
Saved in:
| Main Author: | |
|---|---|
| Format: | Book |
| Language: | Czech |
| Published: |
Ostrava :
Avízo Print,
1991
|
| Subjects: | |
| ISBN: | 8090033628 |
| Online Access: |
|
| Tags: |
Add Tag
No Tags, Be the first to tag this record!
|
MARC
| LEADER | 00000nam a2200000 4500 | ||
|---|---|---|---|
| 003 | SK-BrCVT | ||
| 005 | 20220617144001.0 | ||
| 008 | 920803s1991 cs e ||||||cze d | ||
| 020 | |a 8090033628 | ||
| 035 | |a CVTIDW0892310 | ||
| 040 | |b slo |a CVTI SR | ||
| 041 | 0 | |a cze | |
| 044 | |a cs | ||
| 080 | |a 339.923:061.1 ES |2 UDC-MRF | ||
| 100 | 1 | |a Talášek, Vladimír | |
| 245 | 1 | 0 | |a Evropské společenství : |b Politické základy a geneze. Podpora výzkumu a technologií v Evropském společenství / |c Vladimír Talášek |
| 260 | |a Ostrava : |b Avízo Print, |c 1991 | ||
| 300 | |a 81 s., príl. : |b tab. ; | ||
| 653 | 1 | |a základy politické |a genéza |a EHS |a plán rámcový | |
| 692 | |a JM MM | ||
| 910 | |b A530848 |b A530849 |b A527234 - A527236 |b A524334 | ||
| 919 | |a 80-900336-2-8 | ||
| 974 | |f Knihy | ||
| 992 | |a AMG | ||
| 999 | |c 39525 |d 39525 | ||

